Stability of motion : applications of Lyapunov's second method to differential systems and equations with delay /
Guardado en:
| Autor Principal: | |
|---|---|
| Otros Autores: | |
| Formato: | Libro |
| Idioma: | English Russian |
| Publicado: |
Stanford, California :
Stanford University Press,
1963.
|
| Etiquetas: |
Agregar Etiqueta
Sin Etiquetas, Sea el primero en etiquetar este registro!
|
| LEADER | 00788nam a22001935a 4500 | ||
|---|---|---|---|
| 001 | MAT.inmabb001497 | ||
| 008 | 031124s1963####xxu###########000#0#eng#d | ||
| 005 | 20170816151919.0 | ||
| 245 | 1 | 0 | |a Stability of motion : |b applications of Lyapunov's second method to differential systems and equations with delay / |c N. N. Krasovskii ; translated by J. L. Brenner. |
| 260 | |a Stanford, California : |b Stanford University Press, |c 1963. | ||
| 300 | |a vi, 188 p. ; |c 25 cm. | ||
| 500 | |a Translation, with alterations and additions, of Nekotorye zadachi teorii ustoichivosti dvizheniia (Moscow, 1959). | ||
| 510 | 4 | |a MR, |c 26 #5258 | |
| 100 | 1 | |a Krasovskii, N. N. | |
| 700 | 1 | |a Brenner, J. L. |4 trl | |
| 084 | |a 34.51 |2 MR | ||
| 010 | |a 63012040 | ||
| 041 | 1 | |a eng |h rus | |
| 859 | |h 34 |i K89s |p A-1832 |b BIB. MATEMATICA | ||
